Kijang tuah di rimba

Bibliographic Details
Main Author: A.Ghani Abdullah
Format: Book
Published: Selangor : Karisma Publications , 2005
Series:Siri haiwan bestari
Subjects:

MARC

LEADER 00000cam a2200000 7i4500
001 0000000007
005 20151222.0
008 070627
020 |a 983195047X 
090 0 0 |a JF   |b ANM MAL (102) 
100 0 |a A.Ghani Abdullah 
245 1 0 |a Kijang tuah di rimba   |c A. Ghani Abdullah 
260 |a Selangor :   |b Karisma Publications ,   |c 2005 
440 0 |a Siri haiwan bestari 
500 |a Children ages 7-9 years old (orange) 
650 0 |a Malay fiction 
999 |a 0000954481   |b Book   |c Children Collection   |e Perbadanan Perpustakaan Awam Johor 
999 |a 0000954482   |b Book   |c Children Collection   |e Perbadanan Perpustakaan Awam Johor 
999 |a 0000954483   |b Book   |c Children Collection   |e Perbadanan Perpustakaan Awam Johor 
999 |a 0000954484   |b Book   |c Children Collection   |e Cawangan Bandar Tenggara 
999 |a 0000954485   |b Book   |c Children Collection   |e Cawangan Tmn. Ungku Tun Aminah 
999 |a 0001140167   |b Book   |c Children Collection   |e Cawangan Bandar Penawar